| 000 | 01107nam a22003377a 4500 | ||
|---|---|---|---|
| 003 | CHAP | ||
| 005 | 20220329143315.0 | ||
| 008 | 080425d2005 co r 00110 spa d | ||
| 010 | _a94749 | ||
| 011 | _a95721 | ||
| 020 | _a9588060532 | ||
| 035 | _a106351 | ||
| 040 | _cCHAP | ||
| 082 | 0 | 4 |
_a543.3 _bR5 |
| 100 | 0 | 0 |
_aRomero Rojas, Jairo Alberto. _999660 |
| 245 | 1 | 0 |
_aCalidad del agua _c/por Jairo Alberto Romero Rojas |
| 260 |
_aBogotá : _bEscuela Colombiana de Ingeniería, _c2005 |
||
| 300 |
_a468 p. : _bilus. ; gráfs. ; cuadros |
||
| 590 |
_aBATCH-UPD _b10 _c20130110 _lUCH01 _h0722 |
||
| 590 |
_aBATCH-UPD _b10 _c20130410 _lUCH01 _h0407 |
||
| 590 |
_aBATCH-UPD _b10 _c20130913 _lUCH01 _h2238 |
||
| 590 |
_aCONVERSION _b10 _c20130109 _lUCH01 _h1352 |
||
| 650 | 1 | 4 |
_aAgua _xCalidad. _92316 |
| 650 | 1 | 4 |
_aAgua _xQuimica de. _92399 |
| 650 | 1 | 4 |
_aAguas residuales _xPurificacion. _92588 |
| 650 | 1 | 4 |
_aIngeniería ambiental. _958207 |
| 650 | 1 | 4 |
_aIngeniería hidráulica. _958235 |
| 901 | _aBK | ||
| 942 | _cLIBRO | ||
| 949 |
_a543.3 R5 _bBC _cLIBRO _d33724002046827 _eLIBRO _gI.c/e. _h109468 _i106351 _si _t$357.00 |
||
| 999 |
_c94749 _d94749 |
||